państwa świata ale tylko flagi na których jest kolor czerwony i biały - Statystyki

Ogólne statystyki
  • Ten quiz został rozwiązany 26 razy
    18 od ostatniego zresetowania
  • Średni wynik to 53 z 101
Odpowiedzi na mapie
Odpowiedzi zakodowano w zielono-czerwonej skali na mapie do tego quizu, zgodnie z poniższymi procentami.
 
Statystyki odpowiedzi
Odpowiedź % Poprawnych
Indonezja
100%
Polska
100%
Monako
88%
Francja
82%
Japonia
82%
Kanada
82%
Meksyk
82%
Norwegia
82%
republika południowej afryki
82%
Rosja
82%
Stany Zjednoczone
82%
Australia
76%
Austria
76%
Chile
76%
islandia
76%
Słowacja
76%
Słowenia
76%
Wielka Brytania
76%
włochy
76%
Czechy
71%
Dania
71%
irak
71%
iran
71%
Nowa Zelandia
71%
Serbia
71%
tunezja
71%
Turcja
71%
bułgaria
65%
filipiny
65%
Łotwa
65%
malta
65%
Szwajcaria
65%
zjednoczone emiraty arabskie
65%
algieria
59%
Chorwacja
59%
dominika
59%
dominikana
59%
kuba
59%
madagaskar
59%
nepal
59%
oman
59%
Singapur
59%
sudan
59%
syria
59%
Tajlandia
59%
egipt
53%
Gruzja
53%
holandia
53%
kenia
53%
Peru
53%
sudan południowy
53%
węgry
53%
wenezuela
53%
Bahrajn
47%
jemen
47%
Korea Południowa
47%
kuwejt
47%
malezja
47%
mozambik
47%
republika środkowoafrykańska
47%
seszele
47%
azerbejdżan
41%
belize
41%
haiti
41%
jordania
41%
korea północna
41%
liban
41%
mjanma
41%
panama
41%
surinam
41%
tajwan
41%
białoruś
35%
gambia
35%
Katar
35%
kostaryka
35%
luksemburg
35%
paragwaj
35%
tadżykistan
35%
uganda
35%
uzbekistan
35%
dżibuti
29%
gujana
29%
gwinea równikowa
29%
laos
29%
liberia
29%
malediwy
29%
papua nowa gwinea
29%
Tuvalu
29%
burundi
24%
eswatini
24%
Fidżi
24%
komory
24%
namibia
24%
republika zielonego przylądka
24%
samoa
24%
togo
24%
tonga
24%
zimbabwe
24%
kiribati
18%
timor wschodni
18%
antigua i barbuda
12%
Nie znaleziono quizów pasujących do podanych kryteriów
Rozkład punktacji
Procent ludzi z każdym wynikiem
Percentyl według liczby udzielonych odpowiedzi
Twoja historia wyników
Nie rozwiązałeś tego quizu od ostatniego zresetowania